[Event "San Pedro de la Paz-A"]
[Site "San Pedro de la Paz"]
[Date "2022.03.12"]
[Round "6"]
[White "Mesias Rojas, Rabindranath"]
[Black "Farfan Ortiz, Victor"]
[Result "1-0"]
[WhiteElo "2196"]
[BlackElo "2099"]
[PlyCount "95"]
[EventDate "2022.03.07"]
[EventType "tourn"]
[EventRounds "9"]
[EventCountry "CHI"]
[SourceTitle "CBM 207 Extra"]
[Source "ChessBase"]
[SourceDate "2022.05.31"]
[SourceVersion "1"]
[SourceVersionDate "2022.05.31"]
[SourceQuality "1"]

1. e4 e6 2. d4 d5 3. Bd3 dxe4 4. Bxe4 Nf6 5. Bf3 Nbd7 6. Ne2 Bd6 7. 0-0 0-0 8. Nbc3 c6 9. Ng3 Qc7 10. Re1 g6 11. Bh6 Rd8 12. Qd2 e5 13. Rad1 Re8 14. Qg5 exd4 15. Nce4 Nxe4 16. Nxe4 Bf8 17. Bxf8 Rxf8 18. Rxd4 Qe5 19. Qxe5 Nxe5 20. Nf6+ Kg7 21. Nh5+ gxh5 22. Rxe5 Be6 23. Rxh5 Rad8 24. Rdh4 Rd2 25. Rxh7+ Kf6 26. h3 Rxc2 27. R7h6+ Ke7 28. Rb4 b5 29. b3 Rd8 30. a4 a5 31. Re4 b4 32. Bg4 Rd6 33. h4 c5 34. Bxe6 Rxe6 35. Rexe6+ fxe6 36. Rh7+ Kd6 37. h5 c4 38. bxc4 Rxc4 39. Rb7 Rc5 40. h6 Kc6 41. Rb5 Rc4 42. g3 Rd4 43. Rxa5 b3 44. Rb5 Rxa4 45. Rxb3 Kd6 46. Rb8 Ra7 47. g4 Ke5 48. Rf8 1-0

[Event "Concepcion CC Mayor"]
[Site "Concepcion"]
[Date "2019.09.03"]
[Round "5"]
[White "Erazo Valenzuela, Rodrigo"]
[Black "Farfan Ortiz, Victor"]
[Result "1-0"]
[WhiteElo "2047"]
[BlackElo "2126"]
[PlyCount "87"]
[EventDate "2019.08.06"]
[EventType "tourn"]
[EventRounds "9"]
[EventCountry "CHI"]
[SourceTitle "CBM 195 Extra"]
[Source "ChessBase"]
[SourceDate "2020.05.31"]
[SourceVersion "1"]
[SourceVersionDate "2020.05.31"]
[SourceQuality "1"]

1. Nf3 Nf6 2. c4 c5 3. g3 g6 4. Nc3 Bg7 5. Bg2 0-0 6. 0-0 Nc6 7. d3 d6 8. Bg5 h6 9. Bd2 e5 10. Qc1 Kh7 11. h4 Be6 12. e4 Nh5 13. Ne1 Qd7 14. Kh2 f5 15. exf5 gxf5 16. Qd1 Qf7 17. Nd5 f4 18. Nc7 Nxg3 19. fxg3 Qxc7 20. gxf4 exf4 21. Qh5 Ne5 22. Be4+ Kh8 23. Rg1 Qd7 24. Nf3 Ng4+ 25. Kh1 Nf2+ 26. Kh2 Nxe4 27. dxe4 Qf7 28. Rg6 Qxg6 29. Qxg6 Rf6 30. Qh5 Bf7 31. Qg4 Be6 32. Qg2 Kh7 33. Bc3 Rg6 34. Qd2 Bxc3 35. bxc3 Rf8 36. Rg1 Bg4 37. h5 Bxh5 38. Rxg6 Bxg6 39. Qxd6 Re8 40. e5 Bf5 41. Nh4 Be6 42. Qd3+ Kg7 43. Qg6+ Kf8 44. Qf6+ 1-0

[Event "Concepcion Mayor"]
[Site "Concepcion"]
[Date "2014.03.16"]
[Round "5.3"]
[White "Farfan Ortiz, Victor"]
[Black "Vasquez Toledo, Cristian"]
[Result "0-1"]
[WhiteElo "2206"]
[BlackElo "2033"]
[PlyCount "76"]
[EventDate "2014.03.10"]
[EventType "tourn"]
[EventRounds "9"]
[EventCountry "CHI"]
[SourceTitle "EXT 2024"]
[Source "ChessBase"]
[SourceDate "2023.10.10"]
[SourceVersion "1"]
[SourceVersionDate "2023.10.10"]
[SourceQuality "1"]

1. c4 e5 2. Nc3 g6 3. g3 Bg7 4. Bg2 Ne7 5. e3 0-0 6. Nge2 d6 7. 0-0 f5 8. d3 Nd7 9. b4 Nf6 10. Qb3 Rb8 11. b5 g5 12. f4 gxf4 13. exf4 Ng6 14. Bb2 Be6 15. Nd5 Bxd5 16. cxd5 Ng4 17. fxe5 N6xe5 18. Nf4 Bh6 19. Rae1 Bxf4 20. gxf4 Qh4 21. h3 Qg3 22. hxg4 Nxg4 23. Rf3 Qxe1+ 24. Bf1 Rbe8 25. Bc3 Qh4 26. Qb2 Re3 27. Bh8 Rf7 28. Rxe3 Nxe3 29. Bd4 Qg3+ 30. Bg2 Nxg2 31. Qxg2 Qxg2+ 32. Kxg2 Re7 33. Kf2 Kf7 34. Bc3 Kg6 35. a4 Kh5 36. Kf3 Kg6 37. a5 h5 38. Bd4 Re1 0-1

[Event "Bogota McGregor op 4th"]
[Site "Bogota"]
[Date "2013.12.06"]
[Round "5"]
[White "Escobar Forero, Alder"]
[Black "Farfan Ortiz, Victor"]
[Result "1-0"]
[WhiteElo "2455"]
[BlackElo "2198"]
[PlyCount "45"]
[EventDate "2013.12.04"]
[EventType "swiss"]
[EventRounds "9"]
[EventCountry "COL"]
[SourceTitle "CBM 157 Extra"]
[Source "ChessBase"]
[SourceDate "2013.12.19"]
[SourceVersion "1"]
[SourceVersionDate "2013.12.19"]
[SourceQuality "1"]

1. e4 e6 2. d4 d5 3. Nc3 Nf6 4. Bg5 Bb4 5. e5 h6 6. Bd2 Bxc3 7. bxc3 Ne4 8. Qg4 g6 9. Bd3 Nxd2 10. Kxd2 c5 11. h4 c4 12. Be2 Nd7 13. Nh3 Rg8 14. Qf4 g5 15. hxg5 hxg5 16. Qe3 a5 17. Bh5 Ra6 18. a4 Qe7 19. f4 gxf4 20. Qxf4 Nf8 21. Raf1 Rg7 22. Qh6 Rh7 23. Qg5 1-0

[Event "Santiago de Chile Nunoa CC Honor"]
[Site "Santiago de Chile"]
[Date "2012.08.03"]
[Round "7"]
[White "Farfan Ortiz, Victor"]
[Black "Cuevas Pardo, Christian Marcelo"]
[Result "1-0"]
[WhiteElo "2206"]
[BlackElo "2011"]
[PlyCount "69"]
[EventDate "2012.07.04"]
[EventType "tourn"]
[EventRounds "7"]
[EventCountry "CHI"]
[SourceTitle "EXT 2013"]
[Source "ChessBase"]
[SourceDate "2012.11.22"]
[SourceVersion "1"]
[SourceVersionDate "2012.11.22"]
[SourceQuality "1"]

1. e4 c5 2. Nf3 d6 3. d4 cxd4 4. Nxd4 Nf6 5. Nc3 a6 6. f3 Qb6 7. Nb3 e6 8. Qe2 Qc7 9. Be3 b5 10. 0-0-0 b4 11. Na4 Nbd7 12. Qc4 Qxc4 13. Bxc4 Be7 14. Na5 Bd8 15. Nc6 Bc7 16. Nxb4 Bb7 17. Nc3 0-0 18. Bb3 a5 19. Nd3 Rfc8 20. Kb1 Bc6 21. a4 Rab8 22. Bc4 d5 23. exd5 Nxd5 24. Nxd5 exd5 25. Bb3 Nb6 26. Nc5 Nc4 27. Bd4 Bb6 28. Na6 Rb7 29. Bxb6 Rxb6 30. Nc5 Rcb8 31. Rhe1 g6 32. Re7 Kg7 33. Nd7 R8b7 34. Nxb6 Rxe7 35. Nxd5 1-0

[Event "Talcahuano"]
[Site "Talcahuano"]
[Date "2012.06.03"]
[Round "3"]
[White "Salinas Herrera, Pablo Patricio"]
[Black "Farfan Ortiz, Victor"]
[Result "1-0"]
[WhiteElo "2409"]
[BlackElo "2206"]
[PlyCount "57"]
[EventDate "2012.06.02"]
[EventType "tourn"]
[EventRounds "9"]
[EventCountry "CHI"]
[SourceTitle "CBM 149 Extra"]
[Source "ChessBase"]
[SourceDate "2012.08.24"]
[SourceVersion "1"]
[SourceVersionDate "2012.08.24"]
[SourceQuality "1"]

1. d4 Nf6 2. c4 e6 3. Nc3 Bb4 4. e3 0-0 5. Bd3 c5 6. Nf3 d5 7. 0-0 cxd4 8. exd4 dxc4 9. Bxc4 b6 10. Bg5 Bb7 11. Re1 Nbd7 12. Rc1 Be7 13. Qe2 a6 14. a4 Qb8 15. Red1 Bb4 16. Bd2 Qd6 17. Bd3 Rfc8 18. Bb1 Qc6 19. Qe3 Bxc3 20. bxc3 Qxa4 21. Ne5 Nxe5 22. dxe5 Nd5 23. Qh3 g6 24. Be4 Rc4 25. Bf3 Rac8 26. Ra1 Qc2 27. Qh6 f5 28. exf6 Qf5 29. Qg7# 1-0

[Event "Santiago Endesa 01"]
[Site "Santiago de Chile"]
[Date "2010.05.26"]
[Round "10"]
[White "Lopez Silva, Hugo Andres"]
[Black "Farfan Ortiz, Victor"]
[Result "1-0"]
[WhiteElo "2433"]
[BlackElo "2116"]
[PlyCount "53"]
[EventDate "2010.05.03"]
[EventType "tourn"]
[EventRounds "11"]
[EventCountry "CHI"]
[SourceTitle "EXT 2012"]
[Source "ChessBase"]
[SourceDate "2011.11.24"]
[SourceVersion "1"]
[SourceVersionDate "2011.11.24"]
[SourceQuality "1"]

1. e4 e6 2. b3 d5 3. Bb2 Nf6 4. exd5 exd5 5. Nf3 Bd6 6. Be2 0-0 7. 0-0 c6 8. d3 Re8 9. Re1 Bg4 10. Nbd2 Nbd7 11. Nf1 a5 12. a4 Bb4 13. N3d2 Qb6 14. Bxg4 Rxe1 15. Qxe1 Nxg4 16. Qe2 Ndf6 17. h3 Re8 18. Qf3 Ne5 19. Qf5 Ng6 20. Nf3 Bc5 21. Bxf6 Bxf2+ 22. Kh1 gxf6 23. N1h2 Re2 24. Ng4 Bh4 25. Nxh4 Nxh4 26. Qxf6 h5 27. Qxh4 1-0